Countries with Breeding Lammergeiers (Bearded Vulture) - Statistics

General Stats
  • This quiz has been taken 22 times
  • The average score is 32 of 36
Answers on the Map
Answers color-coded by a green-red scale on the quiz's map according to % correct below.
 
Answer Stats
Country % Correct
Afghanistan
100%
China
100%
India
100%
Iran
100%
Iraq
100%
Nepal
100%
Russia
100%
Turkey
100%
Uzbekistan
100%
Bhutan
95%
Ethiopia
95%
Kazakhstan
95%
Kyrgyzstan
95%
Mongolia
95%
Pakistan
95%
Sudan
95%
Tajikistan
95%
Armenia
90%
Azerbaijan
90%
Egypt
90%
Eritrea
90%
Georgia
90%
Italy
90%
Kenya
90%
Spain
90%
Austria
85%
France
85%
Greece
85%
Morocco
85%
Switzerland
85%
Uganda
85%
Tanzania
80%
Yemen
75%
South Africa
60%
Andorra
55%
Lesotho
45%
No matching quizzes found
Score Distribution
Percent of People with Each Score
Percentile by Number Answered
Your Score History
You have not taken this quiz